Kpop Idols (2025) - Statistics

General Stats
  • This quiz has been taken 219 times
    140 since last reset
  • The average score is 147 of 264
Answer Stats
Indice Answer % Correct
STAYC J
99%
SEVENTEEN Jun
97%
Aespa Karina
97%
Aespa Giselle
96%
Blackpink Jennie
96%
Blackpink Jisoo
96%
Blackpink Lisa
96%
Blackpink Rose
96%
Aespa Winter
96%
GOT7 Jay B
95%
Aespa NingNing
95%
Enhypen Ni Ki
94%
Ateez San
94%
Enhypen Jay
92%
Stray Kids Han
91%
Enhypen Jake
91%
Stray Kids I.N
90%
BTS V
90%
BTS Jimin
89%
BTS Jungkook
89%
Ive Wonyoung
89%
ITZY Yuna
89%
Stray Kids Felix
88%
Stray Kids Bangchan
87%
BTS J-hope
87%
BTS RM
87%
BTS Suga
87%
Enhypen Sunghoon
87%
Enhypen Sunoo
87%
Le Sserafim | TripleS Chaewon
86%
Enhypen Heeseung
86%
BTS Jin
85%
Stray Kids Changbin
84%
Stray Kids Hyunjin
84%
Enhypen Jungwon
84%
Le Sserafim Sakura
84%
Le Sserafim Yunjin
84%
Stray Kids Lee Know
83%
TWICE Jihyo
82%
Le Sserafim Kazuha
82%
TWICE Momo
82%
TWICE Nayeon
82%
Le Sserafim Eunchae
81%
TWICE Sana
81%
Stray Kids Seungmin
81%
ITZY Yeji
81%
GFRIEND | Ive | ZEROBASEONE Yujin
81%
TWICE | TripleS Dahyun
80%
ITZY Lia
80%
TWICE Mina
80%
TXT Soobin
80%
TWICE Tzuyu
80%
ILLIT Wonhee
80%
TWICE Chaeyoung
79%
I-dle Minnie
79%
STAYC Yoon
79%
NMIXX Lily
78%
I-dle Soyeon
78%
Big Bang G-dragon
77%
TWICE Jeongyeon
76%
KATSEYE Lara
76%
Ive Leeseo
76%
TREASURE Manon
76%
I-dle Miyeon
76%
ITZY Ryujin
76%
I-dle Yuqi
76%
TXT Beomgyu
75%
ITZY Chaeryeong
75%
New Jeans Danielle
75%
ILLIT Moka
75%
Ive Rei
75%
TXT Yeonjun
75%
KATSEYE Yoonchae
75%
New Jeans Hanni
74%
P1Harmony Keeho
74%
Ive Liz
74%
I-dle Shuhua
74%
BABYMONSTER Chiquita
73%
Red Velvet Irene
73%
ILLIT Iroha
73%
NMIXX | TripleS Jiwoo
73%
BABYMONSTER Ahyeon
72%
MAMAMOO Hwasa
72%
ILLIT Minju
72%
KATSEYE Sophia
72%
TXT Taehyun
72%
ILLIT Yunah
72%
BABYMONSTER Asa
71%
SEVENTEEN Dino
71%
Ive Gaeul
71%
GOT7 | NCT Mark
71%
Ateez Mingi
71%
New Jeans Minji
71%
KATSEYE Daniela
70%
SEVENTEEN S.coups
70%
Red Velvet Seulgi
69%
SEVENTEEN The8
69%
Red Velvet Wendy
69%
Ateez Wooyoung
69%
SEVENTEEN Woozi
69%
SEVENTEEN Hoshi
68%
TREASURE Megan
68%
BABYMONSTER Pharita
68%
SEVENTEEN Vernon
68%
New Jeans Hyein
67%
Ateez Hongjoong
66%
SEVENTEEN DK
65%
New Jeans Haerin
65%
SEVENTEEN Joshua
65%
Red Velvet Joy
65%
SEVENTEEN Mingyu
65%
BABYMONSTER Rami
65%
BABYMONSTER Rora
65%
ZEROBASEONE Ricky
64%
BABYMONSTER Ruka
64%
NMIXX Sullyoon
64%
MAMAMOO Solar
63%
Big Bang Taeyang
63%
Red Velvet Yeri
63%
SEVENTEEN Seungkwan
62%
P1Harmony Soul
62%
P1Harmony Intak
61%
Ateez Jongho
61%
Ateez Seonghwa
61%
SHINee Taemin
61%
ZEROBASEONE Hanbin
60%
Ateez Yeosang
60%
GOT7 Jackson
59%
ZEROBASEONE Matthew
59%
Ateez Yunho
59%
NMIXX Haewon
57%
SEVENTEEN Jeonghan
57%
P1Harmony Theo
57%
MAMAMOO Moonbyul
56%
MAMAMOO Wheein
56%
ZEROBASEONE Gyuvin
55%
NCT Johnny
55%
SHINee Bae
53%
GOT7 BamBam
53%
MEOVV Ella
53%
P1Harmony Jiung
53%
NCT Taeyong
53%
NCT Ten
53%
NCT Haechan
52%
NCT Jaehyun
52%
SHINee Key
52%
Big Bang Daesung
51%
ZEROBASEONE Taerae
51%
NCT Chenle
50%
NCT | TREASURE Doyoung
50%
ZEROBASEONE Gunwook
50%
NCT Jeno
50%
ZEROBASEONE Jiwoong
50%
P1Harmony Jongseob
50%
NCT Jungwoo
50%
NMIXX Kyujin
50%
SHINee Minho
50%
NCT Jaemin
49%
NCT Yuta
49%
NCT Jisung
48%
Riize Wonbin
48%
Riize Shotaro
46%
MEOVV Anna
45%
Riize Anton
45%
NCT Renjun
45%
NCT Sakuya
44%
Riize Seunghan
44%
NCT Yangyang
44%
NCT Hendery
43%
SHINee Onew
43%
ZEROBASEONE Hao
42%
Riize Sohee
42%
NCT Xiaojun
42%
NCT Jaehee
41%
NCT Kun
41%
Billie Moonsua
41%
NCT Riku
41%
Monsta X I.M
40%
NCT Sion
40%
Billie Tsuki
40%
NCT Yushi
40%
STAYC Isa
39%
NCT Ryo
38%
STAYC Sieun
38%
TREASURE Yoshi
38%
Riize Eunseok
37%
Monsta X Shownu
37%
TREASURE Haruto
35%
Monsta X Minhyuk
35%
STAYC Seeun
35%
GOT7 Jinyoung
34%
MEOVV Narin
33%
MEOVV Sooin
33%
TripleS Chaeyeon
32%
MEOVV Gawon
32%
TREASURE Hyunsuk
32%
izna Mai
32%
GOT7 Yugyeom
32%
Monsta X Hyungwon
31%
izna Jeemin
31%
GFRIEND SinB
31%
TREASURE Asahi
30%
izna Koko
29%
izna Sarang
29%
GFRIEND Umji
28%
Monsta X Joohoney
27%
GOT7 Sumin
27%
GFRIEND Eunha
26%
TREASURE Jihoon
26%
izna Jiyoon
25%
Monsta X Kihyun
25%
izna Saebi
24%
TREASURE Jaehyuk
23%
izna Jungeun
23%
GFRIEND Yuju
23%
TREASURE Junghwan
22%
Billie Haruna
21%
TripleS Sohyun
21%
Billie Haram
20%
1verse Kenny
20%
TripleS Nakyoung
20%
GFRIEND Sowon
20%
TREASURE Jeongwoo
19%
Billie Sheon
19%
TREASURE Junkyu
18%
TripleS Seoyeon
18%
Billie Siyoon
18%
TripleS Sullin
18%
1verse Hyuk
16%
TripleS Kotone
16%
TripleS Yooyeon
16%
TripleS Yubin
16%
TripleS Hyerin
15%
TripleS Kaede
15%
TripleS Mayu
15%
1verse Nathan
15%
TripleS Nien
15%
1verse Aito
14%
Apink Bomi
14%
Apink Eunji
14%
TripleS Jiyeon
14%
1verse Seok
14%
TripleS Soomin
14%
Apink Chorong
13%
TripleS Joobin
13%
TripleS Seoah
13%
TripleS Shion
13%
Billie Suhyeon
13%
TripleS Yeonji
13%
TripleS Hayeon
12%
Apink Hayoung
12%
TripleS Lynn
12%
Riize Sunchan
8%
Apink Namjoon
7%
SEVENTEEN Wonwon
7%
GFRIEND Yaerin
1%
TripleS Xingu
0%
No matching quizzes found
Score Distribution
Percent of People with Each Score
Percentile by Number Answered
Your Score History
You have not taken this quiz since the last reset